Weibliche Charaktere - Statistiken

Allgemein
  • Dieses Quiz wurde 95 mal gespielt
  • Das Durchschnittsergebnis liegt bei 5 aus 20
Answers on the Grid
Answers color-coded by a green-red scale on the quiz's grid according to % correct below.
Adrenaline
Autistic Hero Girl
Bambi
Bibi (Marsupilami)
Black Beauty
Black Canary
Boris Blocksberg
Calamity Jane
Charlie Brown
Chili das Schaf
Dorie
Feli Filu
Gundel Gaukeley
Ino Yamanaka
Inu Yasha
Katniss Everdeen
Maggie Simpson
Mascha
Mäusepiep
Nermal (Garfield)
Nico Robin
Norbert (Harry Potter)
Onchao
Peach
Pips (Spirou&Fantasio)
Po (Teletubbies)
Ran Mori
Rhun, die Zahnfee
Schlumpfsturm
Wickie
Wutz
Yakari
 
Antwortstatistiken
Antwort % Korrekt
Maggie Simpson
60%
Dorie
53%
Peach
46%
Mascha
43%
Katniss Everdeen
40%
Gundel Gaukeley
39%
Autistic Hero Girl
33%
Bibi (Marsupilami)
24%
Wutz
24%
Calamity Jane
22%
Nico Robin
19%
Chili das Schaf
18%
Black Canary
15%
Adrenaline
14%
Ino Yamanaka
14%
Feli Filu
11%
Po (Teletubbies)
11%
Ran Mori
7%
Norbert (Harry Potter)
6%
Schlumpfsturm
4%
Keine übereinstimmenden Quizze gefunden
Verteilung der Resultate
Anzahl Personen mit jedem Resultat
Perzentil nach korrekt beantworteten Fragen
Ihre Resultats-Entwicklung
Sie haben dieses Quiz noch nicht gespielt